[Event "HUN-chT4 Chalupetzky 1819"]
[Site "Hunagry"]
[Date "2019.03.17"]
[Round "7.2"]
[White "Vinkovics, Sandor"]
[Black "Nemeth, Janos"]
[Result "1-0"]
[WhiteElo "2051"]
[BlackElo "1831"]
[PlyCount "59"]
[EventDate "2018.10.14"]
[EventType "team-tourn"]
[EventRounds "10"]
[EventCountry "HUN"]
[SourceTitle "EXT 2020"]
[Source "ChessBase"]
[SourceDate "2019.10.17"]
[SourceVersion "1"]
[SourceVersionDate "2019.10.17"]
[SourceQuality "1"]
[WhiteTeam "Lovo"]
[BlackTeam "Fertoszentmiklos"]
[WhiteTeamCountry "HUN"]
[BlackTeamCountry "HUN"]

1. d4 Nf6 2. Nf3 d5 3. Bg5 Ne4 4. Bf4 c5 5. e3 e6 6. Nbd2 cxd4 7. exd4 Nxd2 8. Qxd2 Be7 9. Bd3 0-0 10. g4 Nc6 11. c3 Bd6 12. 0-0-0 a6 13. Bc2 Bxf4 14. Qxf4 Qf6 15. Qg3 Qe7 16. Qh3 g6 17. Qg3 b5 18. Rhe1 Bb7 19. h4 Rac8 20. Kb1 Qc7 21. Ne5 Nxe5 22. Qxe5 Qxe5 23. Rxe5 Rc7 24. f4 Rfc8 25. a3 Re8 26. Rde1 Rce7 27. f5 Kf8 28. f6 Rc7 29. h5 Rec8 30. Rh1 1-0

[Event "HUN-chT4 Chalupetzky 1718"]
[Site "Hungary"]
[Date "2017.12.10"]
[Round "4.1"]
[White "Nemeth, Janos"]
[Black "Erky, Tamas"]
[Result "1/2-1/2"]
[WhiteElo "1867"]
[BlackElo "1813"]
[PlyCount "47"]
[EventDate "2017.10.15"]
[EventType "team-tourn"]
[EventRounds "7"]
[EventCountry "HUN"]
[SourceTitle "EXT 2019"]
[Source "ChessBase"]
[SourceDate "2018.10.10"]
[SourceVersion "1"]
[SourceVersionDate "2018.10.10"]
[SourceQuality "1"]
[WhiteTeam "Fertoszentmiklos"]
[BlackTeam "Gyor Szechenyi II"]
[WhiteTeamCountry "HUN"]
[BlackTeamCountry "HUN"]

1. e4 e6 2. d4 d5 3. Nd2 Nf6 4. e5 Nfd7 5. c3 c5 6. Ndf3 Nc6 7. Ne2 Be7 8. Ng3 cxd4 9. cxd4 0-0 10. a3 f6 11. exf6 Bxf6 12. Be3 e5 13. dxe5 Ndxe5 14. Nd4 Ng4 15. Be2 Nxe3 16. fxe3 Bxd4 17. exd4 Qf6 18. Rf1 Qxd4 19. Rxf8+ Kxf8 20. Qxd4 Nxd4 21. Rd1 Nxe2 22. Nxe2 Be6 23. Nf4 Re8 24. Kf2 1/2-1/2

[Event "HUN-chT4 Chalupetzky 1718"]
[Site "Hungary"]
[Date "2017.11.19"]
[Round "3.4"]
[White "Nemeth, Janos"]
[Black "Zorkoczy, Gyorgy"]
[Result "1/2-1/2"]
[WhiteElo "1867"]
[BlackElo "1938"]
[PlyCount "45"]
[EventDate "2017.10.15"]
[EventType "team-tourn"]
[EventRounds "7"]
[EventCountry "HUN"]
[SourceTitle "EXT 2019"]
[Source "ChessBase"]
[SourceDate "2018.10.10"]
[SourceVersion "1"]
[SourceVersionDate "2018.10.10"]
[SourceQuality "1"]
[WhiteTeam "Fertoszentmiklos"]
[BlackTeam "KSE Level"]
[WhiteTeamCountry "HUN"]
[BlackTeamCountry "HUN"]

1. e4 c5 2. Nf3 e6 3. d4 d5 4. exd5 exd5 5. Bb5+ Nc6 6. 0-0 Bd6 7. Nc3 Nge7 8. Re1 0-0 9. Ne2 Bg4 10. dxc5 Bxc5 11. Ng3 Qb6 12. Bxc6 Nxc6 13. Nh1 Nd4 14. c3 Nxf3+ 15. gxf3 Be6 16. b4 Bd6 17. Ng3 Rad8 18. Be3 Qc7 19. Bd4 b6 20. Qd2 Bf4 21. Qd3 Qe7 22. a4 Qg5 23. Kh1 1/2-1/2

[Event "HUN-chT4 Chalupetzky 1718"]
[Site "Hungary"]
[Date "2017.11.05"]
[Round "2.2"]
[White "Somody, Robert"]
[Black "Nemeth, Janos"]
[Result "1-0"]
[WhiteElo "1923"]
[BlackElo "1867"]
[PlyCount "69"]
[EventDate "2017.10.15"]
[EventType "team-tourn"]
[EventRounds "7"]
[EventCountry "HUN"]
[SourceTitle "EXT 2019"]
[Source "ChessBase"]
[SourceDate "2018.10.10"]
[SourceVersion "1"]
[SourceVersionDate "2018.10.10"]
[SourceQuality "1"]
[WhiteTeam "Toltestava Tornado"]
[BlackTeam "Fertoszentmiklos"]
[WhiteTeamCountry "HUN"]
[BlackTeamCountry "HUN"]

1. d4 Nf6 2. c4 e6 3. Nc3 d5 4. cxd5 exd5 5. Bg5 Be7 6. Qc2 0-0 7. e3 h6 8. Bh4 c6 9. Bd3 Re8 10. Nf3 Nbd7 11. 0-0 Nh5 12. Bxe7 Qxe7 13. Rab1 Nhf6 14. b4 Ne4 15. Bxe4 dxe4 16. Nd2 Nf6 17. b5 Bd7 18. a4 Rac8 19. Qb2 cxb5 20. axb5 Rc7 21. Ra1 b6 22. Rfc1 Bf5 23. Nf1 Rec8 24. Ng3 Bg6 25. Nge2 Qd7 26. Nf4 Bf5 27. h3 g5 28. Nfe2 Bxh3 29. gxh3 Qxh3 30. Ng3 h5 31. Ncxe4 Nxe4 32. Rxc7 Rxc7 33. Nxe4 Qg4+ 34. Ng3 h4 35. Qe2 1-0

[Event "HUN-chT4 1617"]
[Site "Hungary"]
[Date "2016.10.02"]
[Round "1.3"]
[White "Nemeth, Janos"]
[Black "Horvath, Gabor"]
[Result "1/2-1/2"]
[WhiteElo "1888"]
[BlackElo "1974"]
[PlyCount "79"]
[EventDate "2016.10.02"]
[EventType "team-tourn"]
[EventRounds "7"]
[EventCountry "HUN"]
[SourceTitle "EXT 2019"]
[Source "ChessBase"]
[SourceDate "2018.10.10"]
[SourceVersion "1"]
[SourceVersionDate "2018.10.10"]
[SourceQuality "1"]

1. e4 e5 2. Nf3 Nc6 3. Bb5 a6 4. Bxc6 dxc6 5. 0-0 Bd6 6. Re1 Ne7 7. d4 Ng6 8. dxe5 Nxe5 9. Nxe5 Bxe5 10. Qxd8+ Kxd8 11. Nd2 Re8 12. Nc4 Bd7 13. Nxe5 Rxe5 14. c4 f5 15. Bg5+ Kc8 16. exf5 Rxf5 17. Be3 c5 18. Rad1 b6 19. Bc1 Rf7 20. Re5 Kb7 21. Bg5 Re8 22. Rde1 Rxe5 23. Rxe5 Bf5 24. Re7 Rxe7 25. Bxe7 Bd3 26. Bf8 g6 27. f4 Bxc4 28. a3 Kc6 29. Kf2 Kd7 30. Ke3 Bd5 31. g3 Ke6 32. Bg7 b5 33. Bf8 c4 34. Kd4 c6 35. Kc5 Kf5 36. Kb6 Kg4 37. Bd6 Kh3 38. Kxa6 Kxh2 39. g4 Kh3 40. g5 1/2-1/2

[Event "HUN-chT4 1314"]
[Site "Hungary"]
[Date "2014.03.16"]
[Round "8.3"]
[White "Bojnar, Istvan"]
[Black "Nemeth, Janos"]
[Result "0-1"]
[WhiteElo "1687"]
[BlackElo "1953"]
[PlyCount "84"]
[EventDate "2013.10.13"]
[EventType "team-tourn"]
[EventRounds "11"]
[EventCountry "HUN"]
[SourceTitle "EXT 2016"]
[Source "ChessBase"]
[SourceDate "2015.10.08"]
[SourceVersion "1"]
[SourceVersionDate "2015.10.08"]
[SourceQuality "1"]

1. d4 Nf6 2. c4 g6 3. Nc3 d5 4. Bg5 Ne4 5. Nxe4 dxe4 6. e3 Bg7 7. Ne2 0-0 8. Qc2 c6 9. Qxe4 Qa5+ 10. Nc3 Qxg5 11. Be2 Bf5 12. Qf3 e5 13. d5 cxd5 14. cxd5 Na6 15. e4 Bd7 16. Bxa6 bxa6 17. 0-0 f5 18. Qe3 Qxe3 19. fxe3 fxe4 20. Nxe4 Rxf1+ 21. Rxf1 Rf8 22. b3 Rxf1+ 23. Kxf1 Bb5+ 24. Kf2 Bd3 25. Nd2 e4 26. Nc4 Kf8 27. Kg3 Bxc4 28. bxc4 Be5+ 29. Kg4 h6 30. h4 Ke7 31. h5 gxh5+ 32. Kf5 Kd6 33. Kxe4 Bb2 34. Kf5 a5 35. e4 Bd4 36. Kg6 Ke5 37. Kf7 Bc5 38. Kg6 Kxe4 39. Kxh5 Kd4 40. Kxh6 Kxc4 41. g4 Kxd5 42. g5 Kc4 0-1

[Event "HUN-chT4 1112"]
[Site "Hungary"]
[Date "2012.05.13"]
[Round "9.2"]
[White "Nemeth, Janos"]
[Black "Toth, Balazs"]
[Result "1/2-1/2"]
[WhiteElo "2065"]
[BlackElo "1975"]
[PlyCount "24"]
[EventDate "2011.09.11"]
[EventType "team-tourn"]
[EventRounds "9"]
[EventCountry "HUN"]
[SourceTitle "EXT 2016"]
[Source "ChessBase"]
[SourceDate "2015.10.08"]
[SourceVersion "1"]
[SourceVersionDate "2015.10.08"]
[SourceQuality "1"]

1. e4 Nc6 2. Nf3 e5 3. Bb5 a6 4. Bxc6 dxc6 5. 0-0 Bg4 6. h3 Bxf3 7. Qxf3 Qd7 8. d3 0-0-0 9. Be3 g6 10. Nc3 f5 11. exf5 gxf5 12. Rad1 Ne7 1/2-1/2

[Event "Victoria-ch op"]
[Site "Box Hill"]
[Date "2004.06.13"]
[Round "4"]
[White "Froehlich, Peter"]
[Black "Nemeth, Janos"]
[Result "1-0"]
[WhiteElo "2389"]
[BlackElo "2050"]
[PlyCount "59"]
[EventDate "2004.06.12"]
[EventType "swiss"]
[EventRounds "7"]
[EventCountry "AUS"]
[SourceTitle "EXT 2018"]
[Source "ChessBase"]
[SourceDate "2017.10.13"]
[SourceVersion "1"]
[SourceVersionDate "2017.10.13"]
[SourceQuality "1"]

1. d4 Nf6 2. Nf3 g6 3. g3 Bg7 4. Bg2 0-0 5. 0-0 d6 6. c4 Nbd7 7. Nc3 c6 8. e4 e5 9. h3 Rb8 10. Be3 a6 11. Qc2 b5 12. c5 dxc5 13. dxe5 Ne8 14. Bg5 f6 15. exf6 Bxf6 16. Bf4 Rb7 17. e5 Bg7 18. Ne4 Qe7 19. Rfe1 c4 20. Bg5 Qb4 21. Bd2 Qe7 22. Bc3 Nb6 23. Nf6+ Kh8 24. Nd4 c5 25. Nc6 Qc7 26. Nxe8 Rxe8 27. e6 Bxe6 28. Rad1 Nd7 29. Ba5 Qc8 30. Nd8 1-0

[Event "Victoria-ch op"]
[Site "Box Hill"]
[Date "2004.06.12"]
[Round "1"]
[White "Nemeth, Janos"]
[Black "Maguire, Jesse"]
[Result "1-0"]
[WhiteElo "2050"]
[BlackElo "1560"]
[PlyCount "47"]
[EventDate "2004.06.12"]
[EventType "swiss"]
[EventRounds "7"]
[EventCountry "AUS"]
[SourceTitle "EXT 2018"]
[Source "ChessBase"]
[SourceDate "2017.10.13"]
[SourceVersion "1"]
[SourceVersionDate "2017.10.13"]
[SourceQuality "1"]

1. f4 e5 2. fxe5 d6 3. Nf3 Nc6 4. e4 Bg4 5. Bb5 dxe5 6. d3 Bc5 7. Qe2 Nge7 8. Be3 Qd6 9. Nbd2 0-0-0 10. Nc4 Bb4+ 11. c3 Qe6 12. Bxc6 Nxc6 13. cxb4 Nxb4 14. Rd1 f5 15. exf5 Qxf5 16. 0-0 Nxd3 17. Qc2 e4 18. Bxa7 c6 19. Nd4 Qg5 20. Rf7 Rxd4 21. Bxd4 Bxd1 22. Nd6+ Kb8 23. Rxb7+ Ka8 24. Qxc6 1-0

[Event "Box Hill Winter Interclub"]
[Site "Box Hill"]
[Date "2003.07.25"]
[Round "2.2"]
[White "Dutka, Janusz"]
[Black "Nemeth, Janos"]
[Result "0-1"]
[WhiteElo "1930"]
[BlackElo "1962"]
[PlyCount "86"]
[EventDate "2003.07.18"]
[EventType "team-tourn"]
[EventRounds "7"]
[EventCountry "AUS"]
[SourceTitle "EXT 2018"]
[Source "ChessBase"]
[SourceDate "2017.10.13"]
[SourceVersion "1"]
[SourceVersionDate "2017.10.13"]
[SourceQuality "1"]

1. d4 Nf6 2. c4 g6 3. Nc3 Bg7 4. e4 0-0 5. Nf3 d6 6. Be2 Nc6 7. 0-0 e5 8. d5 Ne7 9. Ne1 Ne8 10. Be3 f5 11. f3 f4 12. Bf2 Rf7 13. c5 Bf8 14. a4 Rg7 15. a5 g5 16. cxd6 cxd6 17. Nb5 a6 18. Bb6 Qd7 19. Na7 g4 20. Rc1 Nf6 21. Rc3 g3 22. h3 Qe8 23. Nxc8 Rxc8 24. Qc2 Rxc3 25. Qxc3 Nc8 26. Nd3 Nxb6 27. axb6 Qd8 28. Rc1 Qxb6+ 29. Kh1 Rd7 30. b4 Be7 31. Nb2 Bd8 32. Nc4 Qf2 33. Qb2 b5 34. Na5 Bxa5 35. bxa5 Rc7 36. Rd1 Nd7 37. Qd2 Nc5 38. Rf1 Nb3 39. Qb2 Qe3 40. Rd1 Nd4 41. Bf1 Rc2 42. Qb4 Nxf3 43. Qxd6 Qg1# 0-1

[Event "Box Hill Winter Interclub"]
[Site "Box Hill"]
[Date "2003.07.18"]
[Round "1.2"]
[White "Nemeth, Janos"]
[Black "Mirkovic, Jovica"]
[Result "1-0"]
[WhiteElo "1962"]
[BlackElo "1936"]
[PlyCount "73"]
[EventDate "2003.07.18"]
[EventType "team-tourn"]
[EventRounds "7"]
[EventCountry "AUS"]
[SourceTitle "EXT 2018"]
[Source "ChessBase"]
[SourceDate "2017.10.13"]
[SourceVersion "1"]
[SourceVersionDate "2017.10.13"]
[SourceQuality "1"]

1. e4 e6 2. d4 d5 3. exd5 exd5 4. Bd3 Bd6 5. Nf3 Nf6 6. Bg5 0-0 7. 0-0 h6 8. Bh4 Re8 9. Nc3 c6 10. Re1 g5 11. Bg3 Rxe1+ 12. Qxe1 Bxg3 13. hxg3 Be6 14. Na4 Nbd7 15. Ne5 Nxe5 16. dxe5 Nd7 17. f4 b5 18. Nc3 Nc5 19. Qf1 Nxd3 20. cxd3 Bf5 21. Rd1 g4 22. Kh2 h5 23. Ne4 dxe4 24. dxe4 Qc8 25. exf5 Qxf5 26. Rd6 Qe4 27. Rh6 Kg7 28. Rxh5 Rh8 29. Rxh8 Kxh8 30. Qd1 Qg6 31. Kg1 Kh7 32. Qd6 Qb1+ 33. Kh2 Qxa2 34. f5 Qd5 35. Qf6 Qd7 36. Qg5 a5 37. f6 1-0